1077 1756 1249 1668 1078 1699 1525 1037 1410 1165 1643 1371 1073 1139 1702 1747 1153 1088 1137 1383 1861 1487 1733 1731 1226 1770 1981 1958 1721 1484 1195 1203 1734 1750 1048 1087 1216 1294 1098 1090 1921 1193 2000 1955 1248 1144 1670 1791 1639 1275 1674 1596 1937 1839 1915 1359 1788 1736 1704 1509 1129 1394 2000 1203 1726 1325 1841 1290 1812 1813 1056 1562 1725 1633 1989 1379 1794 1916 1958 1432 1597 1083 1679 1215 1501 1216 1199 1402 1075 1352 1176 1180 1505 1764 1215 1146 1954 1250 1602 BCNSPRNW ULIB Ver.6.0+V

เปลี่ยนเป็นภาษาไทย

Change to English
 แสดงรายละเอียดบรรณานุกรม
  กลับหน้าหลัก

Brief Record : Get Marc (ISO 2709) : E-mail record : QR code < ปิดหน้าต่าง
LEADER : 00000nam 2200000uu 4500
001    13399112569
003     ULIB
008    110825s2550||||th 000 0 tha d
020    9789748420783
050 04 HQ751^bส356ส 2550
100 0  สรี ศิริภักดี
245 00 สนุกกับชีวิตคู่ : คู่มือเพื่อความอยู่รอดฉบับครองคู่ชู้ชื่น /^cสรี ศิริภักดี
250    พิมพ์ครั้งที่ 1
260    กรุงเทพฯ :^bยูเรก้า,^c2550
300    133 หน้า
650  7 การสมรส
650  7 ครอบครัว
945    ^p140^l0^i023226
995    ทศพร
999 ^a ใช้งานได้ทุกระบบ
รายการนี้ยังไม่มีแท็ก
คุณยังไม่ได้ล็อกอิน คุณสามารถมีกิจกรรมร่วมกับเว็บไซต์ได้ แต่ต้องล็อกอินก่อน ::
  ล็อกอิน

รายการสื่อสารสนเทศ

ลำดับที่ ประเภท เลขเรียก/บาร์โค้ด สถานที่ สถานะ
- ไม่พบข้อมูล -

รายการใกล้เคียง
    หัวเรื่อง [การสมรส]
    หัวเรื่อง [ครอบครัว]

BibComment


ยังไม่เคยถูกคอมเมนท์

คอมเมนท์ทรัพยากรรายการนี้
  คอมเมนท์: สนุกกับชีวิตคู่ ..


 Copyright 2026. Bcnsprnw @Library